[Event "USA-ch Juniors 2017"]
[Site "Saint Louis"]
[Date "2017.07.08"]
[Round "1"]
[White "Li, Ruifeng"]
[Black "Brattain, Mika A"]
[Result "1/2-1/2"]
[WhiteElo "2568"]
[BlackElo "2364"]
[Annotator "TA"]
[PlyCount "163"]
[EventDate "2017.??.??"]
[EventType "tourn"]
[EventCountry "USA"]
[SourceTitle "playchess.com"]
[Source "ChessBase"]
[SourceQuality "1"]

{[%evp 12,163,29,27,15,21,22,20,15,4,7,0,0,0,47,43,50,50,48,49,44,41,59,31,38,25,31,33,25,33,39,22,50,52,85,77,106,98,99,92,60,63,75,-57,-36,-420,-439,-456,-437,-312,-127,-123,-126,-116,-112,-112,-104,-454,-433,-559,-489,-707,-681,-644,-222,-236,-219,-207,-220,-184,-209,-482,-476,-476,-461,-450,-454,-477,-461,-415,0,-379,-360,-391,-387,-594,-593,-583,-417,-572,-537,-595,-592,-569,-476,-414,0,-566,-557,-718,-678,-741,-726,-861,-860,-848,-839,-840,-756,-884,-881,-870,-862,-834,-831,-1032,-1102,-1043,-786,-786,-741,-833,-801,-1326,-1253,-1377,-1329,-5114,-952,-1464,-1381,-1513,-1525,-29964,-1449,-1417,-1444,-1391,-1355,-1229,-1208,-914,-257,-230,0,0,0,0,0,0,0,0,0,0]} 1. b3 d5 2. Bb2 c5 3. e3 Nf6 4. Nf3 Nc6 5. Bb5 Bd7 6. O-O e6 7. d4 {LiveBook: 5 Games. A06: Réti Opening:1 Nf3 d5} (7. c4 dxc4 8. bxc4 Bd6 9. d4 cxd4 10. exd4 O-O 11. Ne5 Qc7 12. f4 Rad8 13. Nd2 a6 14. Ba4 Nxe5 15. fxe5 Bxe5 16. dxe5 Bxa4 {0-1 (26) Romanov,E (2640)-Postny,E (2606) Kishinev 2017}) 7... cxd4 8. exd4 Bd6 9. a3 O-O 10. Bd3 Ne4 11. c4 f5 12. Nc3 $146 ({Predecessor:} 12. b4 a5 13. b5 Ne7 14. c5 Bc7 {0-1 (28) Feuerstein,A-Polugaevsky,L Reykjavik 1957}) 12... Qf6 (12... Ng5 {is interesting.} 13. Be2 dxc4 14. bxc4 Rc8 15. Re1 Bb8) 13. cxd5 Nxc3 14. Bxc3 exd5 15. b4 f4 16. Qb3 Ne7 17. b5 Bg4 18. Ne5 $36 {[%mdl 2048] White has some pressure.} Be6 19. Rfe1 {[%cal Bf1e1,Be1e5,Be5h5][%mdl 32]} Bxe5 20. Rxe5 {Strongly threatening Rae1.} Ng6 21. Rh5 f3 22. g3 Qf7 23. Rg5 Qf6 24. h4 $1 Nh8 25. Re5 Ng6 26. Rh5 h6 27. Qc2 (27. Re1 $16) 27... Nf4 $1 $15 {[%cal Rf4h5]} 28. gxf4 $4 {[%mdl 8192]} (28. Re5 $1 $15) 28... Qxf4 $19 29. Kf1 ({But not} 29. Bh7+ $2 Kh8 $19) 29... Qh2 {[%cal Rh2h1]} 30. Ke1 {[%cal Bf1e1,Be1d2,Bd2c1,Bc1b2][%mdl 32]} Qg1+ (30... Rac8 $1 $19 {has better winning chances.} 31. b6 axb6) 31. Kd2 $17 Qxf2+ 32. Kc1 Qg3 $1 {[%mdl 1024] ...f2 is the strong threat. Black has strong compensation.} 33. Kb2 {[#]} f2 $1 34. Bf1 $2 {[%mdl 8192]} (34. Re5 $17 Bh3 35. Bb4) 34... Rac8 $19 {And now ...Rf3 would win.} 35. Qd2 Rf3 36. Rc1 (36. Bb4 $142 Rc4 37. Qd1 (37. Bxc4 $2 dxc4 38. Bc3 f1=Q $19)) 36... Bh3 37. Be2 Rfxc3 $2 (37... f1=Q 38. Bxf1 Bxf1) 38. Rxc3 Qxc3+ 39. Qxc3 Rxc3 40. Kxc3 Bg4 $1 {[%cal Rg4e2]} 41. Bxg4 $2 (41. Kd2 Bxh5 42. Bf1) 41... f1=Q {White must now prevent ...Qc4+.} 42. Rxd5 {[%mdl 4096] Endgame KQ-KRB} Qe1+ 43. Kc4 Qc1+ 44. Kb3 Qb1+ 45. Kc3 Qe1+ 46. Kc4 Qxh4 47. Be6+ Kf8 48. Rd7 (48. Rf5+ {keeps fighting.} Ke7 49. Re5) 48... Qe4 49. Bd5 Qc2+ 50. Kb4 b6 51. Bc6 Qb2+ 52. Kc4 Qa2+ 53. Kb4 Qb2+ 54. Kc4 Qxa3 55. d5 a6 56. bxa6 Qxa6+ 57. Kd4 Qa1+ 58. Ke4 Qe1+ 59. Kd4 Qf2+ 60. Ke4 h5 61. Rd8+ Ke7 62. Re8+ Kf7 63. Rh8 h4 64. Bd7 Qg2+ 65. Kd4 Qg3 66. Be6+ Ke7 67. Kc4 g5 {[%cal Bg7g5,Bg5g4][%mdl 32]} 68. Rh7+ Kd6 69. Rh6 {[#]} Ke5 (69... b5+ $142 $1 70. Kxb5 Qd3+ 71. Ka5 Qc3+ 72. Ka6 Qg7) 70. Kb5 g4 71. Kc6 h3 72. d6 Qc3+ (72... Qe3 $142 73. d7 Qxh6 74. d8=Q Qxe6+ 75. Kc7 g3 76. Qh8+ Ke4 77. Qa8+ Qd5 78. Qa4+ Kf3 79. Qa3+ Kg2 80. Qb2+ Kh1 81. Qc1+ Kh2 82. Qf4 Kg2 83. Qa4 Qe5+ 84. Kxb6 Qb8+ 85. Kc5 Qf8+ 86. Kb6 h2 87. Kc7 Qg7+ 88. Kb6 h1=Q 89. Qc2+ Kh3 90. Qf5+ Qg4 91. Qh7+ Qh4 92. Qf5+ Kh2 93. Qc2+ Qg2 94. Qxg2+ Kxg2 95. Kc5 Kf3 96. Kd5 g2 97. Kc5 g1=Q+ 98. Kc6 Qe4+ 99. Kd7 Qa7+ 100. Kd8 Qea8#) 73. Kd7 Qd4 74. Rh5+ Kf6 75. Rf5+ Kg6 76. Rd5 Qa4+ $2 (76... Qa1 {Threatens to win with ...h2.} 77. Rd3 h2) 77. Ke7 h2 $2 ({Better is} 77... Qf4 $19 78. Bf5+ Kg7) 78. Bf7+ $11 {The position is equal.} Kh6 (78... Kh7 $5 79. Rh5+ $8 Kg7 80. Rg5+ Kh8 81. Rh5+ Kg7 82. Rg5+ Kh8 83. Rh5+ Kg7 $11) 79. Rh5+ Kg7 80. Rg5+ Kh6 {aiming for ...Qe4+.} (80... Kh8 $5 81. Rh5+ $8 Kg7 82. Rg5+ Kh8 83. Rh5+ Kg7 $11) 81. Rh5+ Kg7 82. Rg5+ {Precision: White = 47%, Black = 67%.} 1/2-1/2

[Event "USA-ch Juniors 2017"]
[Site "Saint Louis"]
[Date "2017.07.08"]
[Round "1"]
[White "Brown, Michael William"]
[Black "Checa, Nicolas D"]
[Result "1/2-1/2"]
[WhiteElo "2508"]
[BlackElo "2415"]
[Annotator "TA"]
[PlyCount "121"]
[EventDate "2017.??.??"]
[EventType "tourn"]
[EventCountry "USA"]
[SourceTitle "playchess.com"]
[Source "ChessBase"]
[SourceQuality "1"]

{[%evp 14,121,30,32,35,32,19,20,36,0,0,8,4,0,0,-22,-4,-15,0,0,24,8,8,8,12,7,28,8,7,14,28,8,11,-14,-8,-40,-28,-18,0,0,0,0,0,0,52,55,36,0,64,13,12,16,25,77,31,-66,0,-8,0,0,0,0,0,0,0,0,0,0,0,0,0,0,0,0,0,0,0,0,8,8,8,8,8,8,8,8,8,8,8,8,8,8,62,0,0,0,0,0,0,0,0,0,0,0,8,8,8,8,8,8]} 1. d4 d5 2. c4 c6 3. cxd5 cxd5 4. Nc3 Nf6 5. Bg5 Nc6 6. Bxf6 {D10: Slav Defence: 3 cxd5 (without early Nf3) and 3 Nc3} gxf6 7. e3 e6 (7... a6 8. Rc1 Bf5 9. Bd3 Bg6 10. f4 f5 11. h4 h5 12. Nf3 e6 13. Na4 f6 {½-½ (39) Grischuk,A (2761)-Carlsen,M (2832) Paris 2017}) 8. Nf3 {LiveBook: 8 Games. White has an edge.} Bd7 {[%cal Bc8d7,Bd7b5,Bb5c4][%mdl 32]} 9. Rc1 Rc8 $146 ({Predecessor:} 9... Bd6 10. a3 f5 11. Bb5 O-O 12. Bxc6 Bxc6 13. O-O Kh8 {½-½ (72) Artemiev,V (2653)-Malakhov,V (2713) Doha 2016}) 10. Bd3 Qb6 11. Qe2 Nb4 12. Bb1 {[#]} Bb5 $1 {[%mdl 512]} 13. Qd2 (13. Nxb5 Rxc1+) 13... Bc4 14. b3 Ba6 15. Na4 $1 Rxc1+ 16. Qxc1 Qc6 17. Qxc6+ (17. Kd2 {looks sharper.} Kd7 18. Nc5+ Bxc5 19. Qxc5 Qxc5 20. dxc5 h5 21. Kc3) 17... Nxc6 18. Nc5 Bxc5 19. dxc5 b6 20. cxb6 axb6 21. Kd2 Ke7 22. Rc1 Kd6 23. e4 d4 24. e5+ fxe5 25. Ng5 $1 {[%cal Rg5f7]} Nd8 26. Ne4+ Kd7 27. Nf6+ $1 Ke7 28. Ne4 Bb7 ({Black should play} 28... Bb5 $11) 29. Rc7+ $14 {[%mdl 1024] White has compensation.} Kf8 30. g4 Kg7 (30... Bxe4 $1 $11 31. Bxe4 h5) 31. g5 (31. h4 $14) 31... h6 $11 32. g6 {Threatens to win with Nd6.} Bxe4 33. Bxe4 {[%mdl 4096] Endgame Hoping for a4. KRB-KRN} Kf6 34. Rc8 (34. g7 $1 $14 Kxg7 35. b4) 34... Ke7 (34... fxg6 $15 35. Rb8 Nf7 36. Rxb6 Rf8) 35. gxf7 Nxf7 36. Rxh8 Nxh8 {KB-KN} 37. a4 Kd6 38. b4 $1 Nf7 39. Kd3 Ng5 40. Bg2 Nh7 41. a5 bxa5 42. bxa5 {Strongly threatening a6.} Kc5 43. a6 Kb6 44. f4 exf4 {And now ...e5 would win.} 45. Kxd4 Ng5 46. Ke5 f3 47. Bf1 {Black must now prevent h4.} f2 48. Kf4 {[#]} e5+ $1 {[%mdl 512]} 49. Ke3 (49. Kxe5 Nf3+) 49... e4 50. Kxf2 {White wants to play Be2.} Nf3 51. h3 {[%cal Bh2h3,Bh3h4][%mdl 32]} Ng5 52. Kg3 e3 ({Better is} 52... Ne6 $11) 53. Bd3 (53. Bc4 $1 $14) 53... Ne6 {The position is equal.} 54. Kf3 Ng5+ 55. Kg3 Ne6 56. h4 Nd4 57. h5 e2 58. Kf2 Ne6 59. Bxe2 Nf4 60. Ke3 Nxh5 61. Bxh5 {Precision: White = 60%, Black = 69%.} 1/2-1/2

[Event "USA-ch Juniors 2017"]
[Site "Saint Louis"]
[Date "2017.07.08"]
[Round "1"]
[White "Chandra, Akshat"]
[Black "Colas, Joshua"]
[Result "1-0"]
[WhiteElo "2484"]
[BlackElo "2366"]
[Annotator "TA"]
[PlyCount "117"]
[EventDate "2017.??.??"]
[EventType "tourn"]
[EventCountry "USA"]
[SourceTitle "playchess.com"]
[Source "ChessBase"]
[SourceQuality "1"]

{[%evp 18,117,42,40,78,66,85,52,43,43,83,87,117,122,116,106,124,91,136,126,132,109,123,126,151,150,147,139,132,131,130,48,56,32,80,82,96,81,118,116,113,96,97,104,104,120,102,87,95,92,118,120,112,114,134,129,112,126,405,414,391,318,294,309,306,285,269,238,503,503,503,495,662,662,577,660,645,645,657,657,634,642,468,439,426,388,766,768,761,730,2398,2535,29976,29977,29977,29978,29991,29992,29992,29993,29993,29994]} 1. e4 c5 2. Nf3 e6 3. d4 cxd4 4. Nxd4 Nc6 5. Nc3 Qc7 6. Be2 Nf6 7. Be3 Be7 8. f4 d6 9. Qd2 a6 10. O-O-O Bd7 {B83: Sicilian Scheveningen: 6 Be2, lines without ...a6} (10... O-O 11. g4 Nxd4 12. Qxd4 b5 13. g5 Nd7 14. h4 Bb7 15. a3 Rac8 16. h5 e5 17. Qd2 exf4 18. Bxf4 Ne5 19. Kb1 Nc4 20. Bxc4 Qxc4 {0-1 (57) Ponomariov,R (2712)-Harikrishna,P (2753) Huaian 2016}) 11. g4 {[%cal Bg2g4,Bg4g5,Bg5f6][%mdl 32]} Nxd4 12. Bxd4 {g5 is the strong threat.} Bc6 {White is slightly better.} 13. Bf3 e5 14. Be3 Nd7 15. f5 b5 16. g5 $36 {[%mdl 2048] Black is under strong pressure.} Rc8 17. Kb1 Nb6 18. Bxb6 Qxb6 {[#]} 19. f6 $146 {[%mdl 512]} gxf6 20. gxf6 Bf8 21. Bh5 Rg8 22. Nd5 Qc5 23. Qe2 {Hoping for Bxf7+!} Bxd5 24. exd5 ({White should try} 24. Rxd5 $16 Qc4 25. Rd3) 24... Rc7 $14 25. Qe4 Rg5 26. Be2 {[%cal Bh5e2,Be2d3,Bd3h7][%mdl 32]} Rg6 27. Rhf1 Bh6 28. Bd3 Bf8 29. h4 h6 30. Qf3 Rg8 31. Bh7 Rh8 32. Bf5 Rg8 33. Qh1 a5 34. Rg1 Rxg1 35. Rxg1 Qf2 36. Rf1 Qd4 37. Bd3 b4 $2 {[%mdl 8192] [#]} (37... Rc5 $16) 38. Bb5+ $1 $18 Kd8 {and the idea ...Rc5 leaves Black hopeful.} 39. Bc6 a4 40. Bxa4 Rc4 {If only Black now had time for ...Qe3....} 41. Bb3 Rc8 42. Qg2 Qxh4 $2 (42... Ra8 {keeps fighting.} 43. Qg3 Ke8) 43. Qg8 Kc7 44. Qxf7+ Kb6 45. Qd7 Rc7 46. Qe8 Qh3 {[%cal Rh3f1]} 47. Rg1 {Threatens to win with Qb8+.} Rc8 48. Qa4 Qh4 49. Qd7 Qf2 {[%cal Rf2g1]} 50. Rd1 Qc5 51. Ba4 h5 $2 (51... Rb8 52. Qh3 Qc4) 52. Bc6 Rb8 53. a3 bxa3 54. Rd3 {Rb3+ would kill now.} Ka6 55. Rb3 {White mates.} Rxb3 56. Qc8+ Ka5 57. Qa8+ Kb6 58. Qb7+ Ka5 59. cxb3 {Precision: White = 80%, Black = 52%.} 1-0

[Event "USA-ch Juniors 2017"]
[Site "Saint Louis"]
[Date "2017.07.08"]
[Round "1"]
[White "Troff, Kayden W"]
[Black "Tang, Andrew"]
[Result "1-0"]
[WhiteElo "2472"]
[BlackElo "2478"]
[Annotator "TA"]
[PlyCount "146"]
[EventDate "2017.??.??"]
[EventType "tourn"]
[EventCountry "USA"]
[SourceTitle "playchess.com"]
[Source "ChessBase"]
[SourceQuality "1"]

{[%evp 18,146,27,27,34,31,37,26,47,54,145,145,153,141,144,149,133,133,137,170,143,154,157,121,116,114,108,121,107,39,66,21,22,14,29,33,80,91,164,168,185,164,118,153,154,87,131,91,179,174,192,177,169,174,179,196,182,170,130,151,204,206,196,160,183,129,195,114,118,100,94,116,242,236,259,256,263,236,250,220,255,225,229,210,219,222,308,289,460,472,479,481,420,416,519,455,672,667,663,653,611,588,620,525,1816,1690,12833,12833,12833,2383,1742,1675,12833,12836,12837,12837,12836,12831,12837,12838,12838,12838,12841,12841,12846,12845,12845,12845,12848,12847,12850]} 1. d4 d5 2. c4 e6 3. Nc3 Be7 4. cxd5 exd5 5. Bf4 c6 6. Qc2 g6 {[%cal Bg7g6,Bg6g5][%mdl 32]} 7. e3 Bf5 8. Qd2 Nd7 {D31: Queen's Gambit Declined: Semi-Slav without ...Nf6 (+ Marshall Gambit and Noteboom) and Exchange Variation lines without ...Nf6} 9. f3 g5 10. Bg3 $1 {LiveBook: 4 Games} Ngf6 {White has an edge.} 11. Bd3 Bg6 12. Nge2 O-O $146 ({Predecessor:} 12... Nh5 13. Bf2 Ng7 14. e4 Nb6 15. O-O O-O {½-½ (15) Razuvaev,Y (2545)-Geller,E (2505) Sochi 1989}) 13. h4 Nh5 (13... g4 $14) 14. hxg5 $16 Nxg3 15. Nxg3 Bxg5 16. O-O-O $1 f5 17. f4 Bh4 18. Nge2 Qe7 19. g3 Bf6 {[#]} 20. g4 $1 {[%mdl 512]} fxg4 21. Rdg1 $1 Bxd3 22. Qxd3 Rae8 23. Kd2 (23. Rxg4+ $16 Kh8 24. Rg3) 23... Rf7 24. Ng3 {[%mdl 1024] Black must now prevent Nf5. White has compensation.} Qe6 25. Rh6 c5 {Threatens to win with ...cxd4.} 26. Nf5 Kh8 27. Rgh1 c4 (27... Kg8 $16) 28. Qb1 $18 Nf8 29. R1h5 Rd8 30. Qg1 b5 31. Qxg4 ({White should try} 31. a3 $1) 31... b4 $16 32. Ne2 {Rg5 is the strong threat.} Qa6 (32... Qd7 $16 {was necessary.}) 33. Ke1 $18 Qb7 34. Rh2 Qc7 35. Rg2 {[%csl Gg2][%cal Rg4g8]} Bg7 36. Rh5 Rdd7 37. Nxg7 Rxg7 38. Rg5 $40 {[%mdl 128] White goes for the king.} h6 {[#]} (38... Rde7 $16) 39. Qh5 $1 Qd6 40. Rh2 Kh7 41. Qh3 ({Better is} 41. Kf2 $18) 41... Rde7 (41... Qc6 $16 42. Kf2 a5 43. Qf5+ Kg8 44. Rxg7+ Rxg7) 42. Qf5+ ({White should play} 42. Rh5 $18 Re6 43. Qf5+ Kg8 44. R2h3 (44. Qxd5 Qxd5 45. Rxd5 Rxe3 $16)) 42... Kg8 $16 43. Rxg7+ Rxg7 44. Rh5 Rd7 {[#]} (44... Nd7 $16 45. Qxd5+ Qxd5 46. Rxd5 Re7) 45. Qh3 $1 $18 Rh7 46. Qg2+ Rg7 47. Qxd5+ Qxd5 48. Rxd5 {[%mdl 4096] Endgame KRN-KRN} Nd7 49. Rb5 Nf6 50. Rxb4 h5 51. Rxc4 {Hoping for Rc6.} h4 {intending ...h3.} 52. Rc5 h3 (52... Kh7 {was worth a try.} 53. Kf1 h3) 53. Rg5 Rxg5 54. fxg5 {KN-KN} h2 55. Ng3 Ne4 56. Nh1 {White is clearly winning.} Kg7 (56... Kf7 $142 57. Kf1 Nxg5) 57. Kf1 Kg6 58. Kg2 Nd2 59. Kxh2 Nf1+ 60. Kg2 Nxe3+ 61. Kf3 Nc2 62. Ke4 Kxg5 63. a3 (63. Nf2 $142 Kf6 64. Ng4+ Ke6 65. Ne3) 63... Kf6 64. Nf2 Ke6 65. Nd3 Kd6 66. Ne5 Na1 67. Nc4+ Kd7 68. Nd2 Nc2 69. d5 Kd6 70. Nf3 Kc5 71. Kd3 Na1 72. Kc3 a5 73. b3 Kxd5 {Precision: White = 69%, Black = 51%.} 1-0

[Event "USA-ch Juniors 2017"]
[Site "Saint Louis"]
[Date "2017.07.08"]
[Round "1"]
[White "Liu, Bovey"]
[Black "Liang, Awonder"]
[Result "0-1"]
[WhiteElo "2228"]
[BlackElo "2536"]
[Annotator "TA"]
[PlyCount "90"]
[EventDate "2017.??.??"]
[EventType "tourn"]
[EventCountry "USA"]
[SourceTitle "playchess.com"]
[Source "ChessBase"]
[SourceQuality "1"]

{[%evp 10,90,20,4,25,11,12,4,8,0,0,18,14,11,20,21,20,-40,-22,-37,-18,-64,0,-2,50,15,3,13,50,53,54,65,54,0,0,0,6,6,89,0,0,0,37,-13,0,-33,0,-28,6,-63,-64,-108,-110,-112,0,-204,-200,-199,-193,-193,-183,-172,-193,-783,-450,-443,-441,-693,-462,-564,-438,-738,-666,-715,-680,-12845,-12845,-12845,-12846,-12847,-12846,-12848,-12848]} 1. e4 c5 2. Nf3 d6 3. Bb5+ Nd7 4. d4 cxd4 5. Qxd4 a6 6. Bxd7+ (6. Be2 {is more complex.} e5 7. Qe3 Nc5 8. b4 Na4 9. Qb3) 6... Qxd7 {B51: Sicilian: Moscow Variation (3 Bb5+) without 3...Bd7} 7. O-O e5 8. Qd3 Qc6 {The position is equal.} 9. c4 Be6 10. b3 b5 11. cxb5 $146 ({Predecessor:} 11. Na3 Nf6 12. Nd2 Rb8 13. Bb2 Be7 14. Rac1 {0-1 (37) Hasangatin,R (2509)-Andreikin,D (2723) Sochi 2017}) 11... axb5 12. Nc3 b4 13. Ne2 (13. Qb5 $11 Rc8 14. Qxc6+ Rxc6 15. Nd5) 13... Nf6 14. Ng3 h6 15. a4 bxa3 (15... Qc3 $15 16. Qb5+ Bd7) 16. Bxa3 $11 Rb8 (16... Be7 $11) 17. Nd2 {[%cal Bf3d2,Bd2c4,Bc4a5,Ba5c6][%mdl 32]} (17. Rfc1 $5 {[%cal Rc1c6]} Qb6 18. Nd2 $14) 17... Be7 18. Nc4 Rd8 (18... Bxc4 $5 19. bxc4 g6 $14) 19. Rfc1 {[#] aiming for Nxd6+!} Qd7 20. Na5 Rb8 21. Rab1 ({White should play} 21. Nc6 $14 Rb6 22. Nxe7 Kxe7 23. Qc3) 21... Qb5 $36 {[%mdl 2048] Black is more active.} 22. Qxb5+ Rxb5 23. Nc6 Bf8 (23... Bd7 $11 {remains equal.}) 24. Rc3 (24. Ra1 $16) 24... h5 25. f3 g5 {[%cal Bg7g5,Bg5g4][%mdl 32]} 26. Nf1 g4 27. Ne3 (27. Ra1 $5 {[%cal Ra3b4]}) 27... Rg8 28. Kf2 h4 29. Rd3 (29. Ra1 $11) 29... Kd7 $1 $15 {[%cal Rd7c6]} 30. Rc1 h3 31. Bb2 {[#] Black must now prevent Nxe5+.} Ke8 (31... Rg5 $1 $17 32. g3 gxf3 33. Kxf3 Nxe4) 32. Ba3 $2 (32. Ra1 $11 {and White stays safe.}) 32... hxg2 $19 {And now ...gxf3 would win.} ({Weaker is} 32... Rxb3 33. Rxb3 Bxb3 34. Nxe5 $11) 33. Bxd6 gxf3 34. Bxe5 {[%csl Gc6][%cal Rd3d8]} Nxe4+ 35. Kxf3 {[%csl Gc6][%cal Rd3d8]} Bd7 36. Bg3 $2 (36. Nb8 Nc5 37. Rxd7) 36... g1=Q {Black is clearly winning.} 37. Rxg1 Bxc6 38. Ke2 (38. Bh4 $142 Nd6+ 39. Kf2) 38... Be7 39. Rc1 Rc5 40. Rc4 (40. Rxc5 $142 Bxc5 41. Nc4) 40... Nxg3+ 41. hxg3 Bb5 42. Rxc5 Bxd3+ 43. Kxd3 Bxc5 44. Nf5 Rg4 45. Ke2 Rg5 {Precision: White = 31%, Black = 44%.} 0-1

[Event "USA-ch Juniors 2017"]
[Site "Saint Louis"]
[Date "2017.07.09"]
[Round "2"]
[White "Tang, Andrew"]
[Black "Liang, Awonder"]
[Result "1-0"]
[WhiteElo "2478"]
[BlackElo "2536"]
[Annotator "TA"]
[PlyCount "107"]
[EventDate "2017.??.??"]
[EventType "tourn"]
[EventCountry "USA"]
[SourceTitle "playchess.com"]
[Source "ChessBase"]
[SourceQuality "1"]

{[%evp 12,107,15,1,-2,0,17,0,7,0,0,4,28,11,22,25,32,26,34,16,16,3,17,19,24,25,36,39,31,29,30,38,31,27,41,36,39,31,36,35,53,32,41,42,85,82,214,190,220,215,254,254,246,220,246,225,233,228,215,217,214,204,218,189,197,199,247,244,249,239,255,249,296,300,325,327,341,346,335,323,392,392,375,367,372,345,471,338,550,542,617,615,783,741,693,675,682,666]} 1. d4 Nf6 2. c3 g6 3. Bg5 Bg7 4. Nd2 d5 5. e3 O-O 6. Ngf3 Nbd7 7. h3 Re8 {D03: 1 d4 d5 2 Nf3 Nf6 3 Bg5, including Torre Attack with early ...d5} 8. Bf4 b6 9. Bd3 $146 ({Predecessor:} 9. a4 a6 10. Be2 Bb7 11. Qb3 Ne4 12. Rd1 e6 13. O-O Nxd2 14. Rxd2 c5 15. Rc1 {½-½ (56) Ulko,J (2482)-Nepomniachtchi,I (2714) Moscow 2015}) 9... Bb7 {The position is equal.} 10. O-O Ne4 11. a4 {[%cal Ba2a4,Ba4a5,Ba5a6][%mdl 32]} Nxd2 12. Qxd2 c5 13. a5 c4 14. Bc2 b5 15. a6 Bc6 16. Rfe1 Qb6 17. b3 e5 18. dxe5 Nxe5 19. Nxe5 Bxe5 20. Bxe5 Rxe5 21. Bd1 Rd8 22. Be2 Ba8 23. Red1 Ree8 24. Qb2 Rd6 25. Rd4 Rc8 26. bxc4 bxc4 27. Qd2 Rcd8 28. Rd1 Qxa6 {[#]} (28... Bc6 $16 {keeps fighting.}) 29. Bxc4 $1 $18 {[%mdl 512]} Qa5 {[#]} (29... dxc4 30. Rxd6) 30. e4 $1 {[%mdl 512]} Rc8 (30... dxe4 31. Rxd6) 31. exd5 h5 32. Rc1 {[%cal Bd1c1,Bc1c2,Bc2b2,Bb2b4][%mdl 32]} Rcd8 33. Ba2 ({Don't do} 33. Rd1 $6 Bb7) 33... Ra6 34. Rc2 Qc5 35. c4 Bb7 36. Rd3 Bc8 {White should prevent ...Bf5.} 37. Qe3 Ra5 {next ...Bf5 is good for Black.} 38. Rb2 Ba6 39. Qxc5 Rxc5 40. Rb4 Ra5 41. Bb3 Kg7 42. Rd2 Ra1+ 43. Kh2 Rc1 44. Ra4 Bc8 45. Rxa7 Re8 {If Black can now play ...Ree1 this consolidates a bit.} 46. Rd1 Rc3 47. Ba4 Rd8 48. Bb5 Rc2 49. Kg1 Rd6 $2 (49... Bf5 50. d6 Be6) 50. Rc7 {White is clearly winning.} Rf6 51. d6 Rfxf2 {[#]} 52. Bc6 $1 ({Weaker is} 52. Rxc8 Rxg2+ 53. Kf1 Rcf2+ 54. Ke1 Re2+ 55. Kf1 Ref2+ 56. Ke1 Re2+ 57. Kf1 Ref2+ $11) 52... Be6 53. d7 Bxd7 54. Rdxd7 {Precision: White = 81%, Black = 26%.} 1-0

[Event "USA-ch Juniors 2017"]
[Site "Saint Louis"]
[Date "2017.07.09"]
[Round "2"]
[White "Troff, Kayden W"]
[Black "Li, Ruifeng"]
[Result "1-0"]
[WhiteElo "2472"]
[BlackElo "2568"]
[Annotator "TA"]
[PlyCount "53"]
[EventDate "2017.??.??"]
[EventType "tourn"]
[EventCountry "USA"]
[SourceTitle "playchess.com"]
[Source "ChessBase"]
[SourceQuality "1"]

{[%evp 26,53,38,21,109,119,108,113,180,192,185,199,418,386,988,974,974,571,541,546,902,893,978,964,1591,1301,1284,1208,1929,1666]} 1. d4 d5 2. c4 c6 3. Nf3 Nf6 4. Nc3 e6 5. e3 Nbd7 6. Qc2 Bd6 7. Bd3 dxc4 8. Bxc4 b5 9. Be2 O-O 10. O-O a6 {D46: Semi-Slav: 5 e3 Nbd7 6 Bd3, Black avoids the Meran} 11. Ng5 Qc7 12. e4 {[%cal Be3e4,Be4e5][%mdl 32]} Bxh2+ 13. Kh1 c5 14. e5 {[#] LiveBook: 3 Games} h6 $146 (14... cxd4 $11 {remains equal.} 15. exf6 Nxf6) ({Predecessor:} 14... cxd4 15. exf6 Nxf6 16. f4 Bg3 17. Qd3 dxc3 18. Qxg3 {½-½ (54) Yilmaz,M (2582)-So,W (2779) Kocaeli 2015}) 15. Nf3 $16 (15. exf6 hxg5 16. Bf3 Rb8 $15) 15... cxd4 16. exf6 Be5 (16... Nxf6 $16 17. Nxh2 (17. Nxd4 Be5 $16) 17... Bb7) 17. Nxe5 $18 Nxe5 18. fxg7 Kxg7 $2 {[#]} (18... Rd8 {was called for.}) 19. Qe4 $1 {[%csl LRa8,LRd4]} Rd8 $2 (19... Bb7 20. Qxd4 f6) 20. Qh4 {White is clearly winning.} Rh8 21. Qxd4 f6 22. Bf4 Bb7 23. Bxe5 fxe5 24. Qg4+ Kf6 25. Ne4+ Bxe4 26. Qxe4 Rad8 27. Rac1 1-0